[Event "Biel ATO op 52nd"]
[Site "Biel"]
[Date "2019.07.23"]
[Round "2"]
[White "Gerber, Renaud"]
[Black "Knoepfle, Andreas"]
[Result "1-0"]
[WhiteElo "1952"]
[BlackElo "1770"]
[PlyCount "107"]
[EventDate "2019.07.20"]
[EventType "swiss"]
[EventRounds "9"]
[EventCountry "SUI"]
[SourceTitle "EXT 2020"]
[Source "ChessBase"]
[SourceDate "2019.10.17"]
[SourceVersion "1"]
[SourceVersionDate "2019.10.17"]
[SourceQuality "1"]

1. e4 c5 2. Nc3 Nc6 3. g3 g6 4. Bg2 Bg7 5. Nge2 e6 6. 0-0 d6 7. d3 a6 8. Be3 Qc7 9. Qd2 b5 10. Nd1 Bb7 11. c3 Ne5 12. h3 Ne7 13. f4 N5c6 14. Rc1 Qa5 15. Nf2 0-0 16. g4 f5 17. Ng3 Rf7 18. a3 Qd8 19. Kh2 a5 20. exf5 exf5 21. g5 Qd7 22. h4 Nd8 23. h5 Bxg2 24. Kxg2 Qb7+ 25. Kh2 Nd5 26. h6 Bh8 27. Rfe1 Ne6 28. Nh3 Re7 29. Re2 Rae8 30. Rce1 b4 31. axb4 axb4 32. d4 Nxe3 33. Rxe3 cxd4 34. cxd4 Nxd4 35. Ng1 Nc6 36. Qd5+ Kf8 37. Rxe7 Rxe7 38. Rxe7 Kxe7 39. Qg8 Qa7 40. Qxh7+ Ke6 41. Qxg6+ Kd5 42. Qxf5+ Kc4 43. Qc2+ Kb5 44. Qe2+ Ka4 45. g6 Bd4 46. Nf3 Bf6 47. g7 Bxg7 48. hxg7 Qxg7 49. Qa6+ Na5 50. b3+ Kxb3 51. Qxa5 Qh7+ 52. Kg2 Qc2+ 53. Kh3 Qh7+ 54. Nh4 1-0